Responses for show #5138 - Wednesday, January 3, 2007

Contestants

[<< previous game]

Dan Schulte, a senior vice president of hospital finance from Pewaukee, Wisconsin

Luann Reed-Siegel, an editor from Edison, New Jersey

Julie Dunlevy, a technology specialist from Louisville, Kentucky (whose 1-day cash winnings total $30,200)

[next game >>]

Jeopardy! Round responses

TECH SUPPORT
CLASSIC TV SHOWS BY CHARACTER
YOU, ME & DUE PROCESS
RUNNING "HOT" & "COLD"
WEEKEND IN NEW ENGLAND
LIVIN' LA VIDA LOBSTER
    $200 1
a graphics card

Julie
    $200 9
The Honeymooners

Luann
    $200 26
the Magna Carta

Luann
    $200 16
Hot Wheels

Julie
    $200 14
Montpelier

Dan
    $200 4
Red Lobster

Luann
    $400 2
(Luann: What is a disk drive?)
(Alex: Be more--)
(Luann: A compact disk drive or a DVD drive?)

hard drive (or hard disk drive)

JulieLuann
    $400 10
Bonanza

Julie
    $400 27
(Luann: What is... Gore v. Bush?) [Initially accepted.]
...
[Before Double Jeopardy! round]
(Alex: Because it involved a specific Supreme Court case, we had to get the plaintiff and defendant in the right order. So we cannot accept the way you phrased it--[*].)

Bush v. Gore

Luann
Triple Stumper
    $400 17
hot pants

Julie
    $400 15
(Julie: What is Boston?)
...
(Alex: Talking about witchcraft.)

Salem

JulieDan
    $400 5
a spiny lobster

Luann
    $600 3
RAM (or Random Access Memory)

Dan
    $600 11
The Beverly Hillbillies

Dan
    $600 28
reasonable doubt

Julie
    $600 18
to throw cold water on

Julie
    $600 23
Rhode Island

Luann
    $600 6
(Luann: What is a reaper?)

a stern man

JulieLuann
    $800 7
the motherboard

Julie
    $800 12
Mission: Impossible

Julie
    $800 29
the Fifth Amendment

Luann
    $800 19
The Spy Who Came in from the Cold

Luann
    $800 24
Charles River

Luann
    $800 21
(Luann: What are arachnids?)
...
(Alex: What are [*]? Not spiders.)

crustaceans

Luann
Triple Stumper
    $1000 8
(Alex: Yes, and I'm so glad that they finally put my computer back together.)

USB

Julie
    $1000 13
All in the Family

Luann
    $1000 30
Miranda

Dan
    $1000 20
hot cross buns

Luann
    $2,000 25
(Alex: Luann?)
(Luann: What is, um...the White Mountain?)
(Alex: No. What is [*]? [*]. High winds on [*].)

Mount Washington

Luann
    $1000 22
an exoskeleton

Luann

Scores at the first commercial break (after clue 15):

Julie Luann Dan
$3,800 $800 $1,800

Scores at the end of the Jeopardy! Round:

Julie Luann Dan
$5,600 $2,800 $2,800

Double Jeopardy! Round responses

(Alex: ...not sports, but...)
JOE BUCK CALLS HISTORY
WHO'S YOUR DADDY?
OPERA CHARACTERS
NATIONAL RHYME TIME
R.C.
COLA
    $400 26
Watergate

Luann
    $400 7
(Luann: Who is Charlie Sheen?)

Martin Sheen

JulieLuann
    $400 2
Delilah

Luann
    $400 16
(Dan: What is a Congo? What is a Congo drum?)
(Luann: What is Belgian Congo?)
...
(Alex: Remember, this is NATIONAL RHYME TIME.)

Congo bongo (bongo Congo accepted)

JulieLuannDan
    $400 21
Rosalynn Carter

Julie
    $400 1
caffeine

Dan
    $800 27
Gettysburg

Julie
    $800 9
John Huston

Luann
    $800 8
Hansel & Gretel

Luann
    $800 17
France dance

Julie
    $800 22
(Luann: Who is Robert Chandler?)

Raymond Chandler

Luann
Triple Stumper
    $800 3
Fanta

Luann
    $1200 28
Jane Seymour

Julie
    $1200 10
Jon Voight

Luann
    $1200 12
Gershwin

Dan
    $1200 18
Kuwait date (date Kuwait accepted)

Julie
    $1200 23
Rachel Carson

Julie
    $1200 4
(Luann: What is Snapple?)

Hansen's

Luann
Triple Stumper
    $1600 11
Paul McCartney

Julie
    $1600 13
Carmen

Luann
    $1600 19
Britain mitten

Dan
    $4,000 24
(Julie: Who is Richard Chase?)
(Alex: No, he's still in the news, if you've been following the trials in Iraq--[*].)

Ramsey Clark

Julie
    $1600 5
(Luann: What is Sprite Zero?)
(Julie: What is Pepsi Zero?)

Diet Rite Cola

JulieLuann
Triple Stumper
    $2000 14
Ravi Shankar

Julie
    $2000 15
(Dan: Who is Madama Butterfly?)

Turandot

JulieDan
    $2000 20
Nepal shawl

Julie
    $2000 25
Robin Cook

Luann
    $1,000 6
(Luann: [Long pause] What is--we had Diet Rite already--what is Diet Rite?)
(Alex: No, they wanted to--I could have said keep checks or they wanted to keep [*] of their weight.)

Tab

Luann

Scores at the end of the Double Jeopardy! Round:

Julie Luann Dan
$14,000 $5,400 $3,600
(lock game)

[wagering suggestions for these scores]

Final Jeopardy! Round responses

NOVEL INSPIRATIONS
(Alex: I'm not sure I would have described grave robbing as an "unhallowed art", but, hey!)
...
(Alex: [Before revealing Luann's response] Franky? [After clue is revealed] [*]--[Repeats in German accent from Young Frankenstein], yes!)
...
(Alex: [After revealing Julie's response, in same accent] He was my boyfriend!)
DanWhat is Frankenstein?
$3,599
LuannWhat is Frankenstein
$1,801
JulieWhat is Frankenstein?
$3,000
Frankenstein

Final scores:

Julie Luann Dan
$17,000 $7,201 $7,199
2-day champion: $47,200 2nd place: $2,000 3rd place: $1,000

Game dynamics:

Coryat scores:

Julie Luann Dan
$18,000 $8,400 $3,600
23 R,
3 W
(including 1 DD)
19 R,
11 W
(including 2 DDs)
8 R,
2 W

Combined Coryat: $30,000

The J! Archive is created by fans, for fans. The Jeopardy! game show and all elements thereof, including but not limited to copyright and trademark thereto, are the property of Jeopardy Productions, Inc. and are protected under law. This website is not affiliated with, sponsored by, or operated by Jeopardy Productions, Inc. Join the discussion at JBoard.tv.